Normal view
MARC view
- Songs, Malay
Entry Topical Term
001 - CONTROL NUMBER
- control field: 7802
003 - CONTROL NUMBER IDENTIFIER
- control field: OSt
005 - DATE AND TIME OF LATEST TRANSACTION
- control field: 20170524142550.0
008 - FIXED-LENGTH DATA ELEMENTS
- fixed length control field: 170524|| aca||aabn | a|a d
040 ## - CATALOGING SOURCE
- Original cataloging agency: OSt
- Transcribing agency: OSt
150 ## - HEADING--TOPICAL TERM
- Topical term or geographic name entry element: Songs, Malay
- Geographic subdivision: Malaysia
- General subdivision: Texts
670 ## - SOURCE DATA FOUND
- Source citation: Work cat.: (OSt)0: Ibrahim Bachek, Datuk 7801, Koleksi lagu-lagu pilihan Datuk Ibrahim Bachek / [penulis Datuk Ibrahim Bachek], 2008

PORTAL AKMAL
E-MEL JKDM
AKMAL2U
G-BAM
u-PUSTAKA